Les plus grandes rivalités (clubs) dans le football - Statistiques

Statistiques générales
  • Ce quiz a été pris 9 067 fois
  • Le résultat moyen est 16 sur 19
Statistiques - réponses
PAYS Rivalités % Correct
FRANCE PSG / OM
99%
ESPAGNE BARCELONE / REAL MADRID
96%
FRANCE OL / OM
91%
ITALIE AC MILAN / INTER MILAN
90%
ANGLETERRE ARSENAL / CHELSEA
90%
ALLEMAGNE BAYERN / DORTMUND
90%
PORTUGAL BENFICA / PORTO
90%
ITALIE JUVENTUS / INTER MILAN
90%
ANGLETERRE MANCHESTER CITY / MANCHESTER UNITED
90%
ESPAGNE REAL MADRID / ATLETICO MADRID
90%
FRANCE ASSE / OL
87%
PAYS BAS AJAX / PSV
86%
PORTUGAL BENFICA / SPORTING
86%
ANGLETERRE LIVERPOOL / EVERTON
85%
FRANCE LOSC / LENS
77%
ANGLETERRE TOTTHENHAM / ARSENAL
77%
FRANCE RENNES / NANTES
76%
ITALIE LAZIO / ROMA
71%
ESPAGNE LEVANTE / VALENCE
44%
Aucun quiz correspondant
Distribution des résultats
% des personnes avec chaque résultat
Percentile par nombre de réponses
Votre historique - résultats
Vous n’avez pas pris ce quiz